Tour de France 2023 - Tous les vainqueurs d'étape - Statistiques

Statistiques générales
  • Ce quiz a été pris 564 fois
  • Le résultat moyen est 16 sur 21
Statistiques - réponses
Étape Vainqueur Équipe % Correct
6 Tadej Pogačar UAE Team Emirates
99%
20 Tadej Pogačar UAE Team Emirates
99%
16 (C.I.m i) Jonas Vingegaard Team Jumbo-Visma
98%
3 Jasper Philipsen Alpecin-Deceuninck
94%
4 Jasper Philipsen Alpecin-Deceuninck
94%
7 Jasper Philipsen Alpecin-Deceuninck
94%
11 Jasper Philipsen Alpecin-Deceuninck
94%
1 Adam Yates UAE Team Emirates
92%
2 Victor Lafay Cofidis
91%
8 Mads Pedersen Lidl-Trek
79%
17 Felix Gall AG2R Citroën Team
75%
5 Jai Hindley BORA-hansgrohe
71%
14 Carlos Rodriguez Ineos Grenadiers
69%
19 Matej Mohoric Bahrain Victorious
69%
9 Michael Woods Israel-Premier Tech
67%
10 Pello Bilbao Bahrain Victorious
67%
18 Kasper Asgreen Soudal-Quick Step
61%
12 Ion Izagirre Cofidis
60%
21 Jordi Meeus BORA-hansgrohe
57%
13 Michał Kwiatkowski Ineos Grenadiers
54%
15 Wout Poels Bahrain Victorius
52%
Aucun quiz correspondant
Distribution des résultats
% des personnes avec chaque résultat
Percentile par nombre de réponses
Votre historique - résultats
Vous n’avez pas pris ce quiz